| 000 | 01027nam a22003137a 4500 | ||
|---|---|---|---|
| 003 | CHAP | ||
| 005 | 20220329134944.0 | ||
| 008 | 971013s1973 r 00010 d | ||
| 010 | _a28640 | ||
| 011 | _a29612 | ||
| 035 | _a33723 | ||
| 040 | _cCHAP | ||
| 082 |
_a370.9 _bL3 1973 |
||
| 100 | 0 | 0 |
_aLarroyo, Francisco. _964967 |
| 245 | _aHistoria general de la pedagogía | ||
| 250 | _a12 ed. | ||
| 260 |
_aMéxico : _bPorrúa, _c1973 |
||
| 300 |
_a798 p. _b: ilus. |
||
| 590 |
_aBATCH-UPD _b10 _c20130110 _lUCH01 _h0936 |
||
| 590 |
_aBATCH-UPD _b10 _c20130410 _lUCH01 _h0554 |
||
| 590 |
_aBATCH-UPD _b10 _c20130914 _lUCH01 _h1236 |
||
| 590 |
_aCONVERSION _b10 _c20130109 _lUCH01 _h1316 |
||
| 650 | 1 | 4 |
_aEducación _xHistoria. _935450 |
| 901 | _aBK | ||
| 942 | _cLIBRO | ||
| 949 |
_a370.9 L3 1973 _bBC _cLIBRO _d-78397 _eLIBRO _h28633 _i33723 _si _t75.00 |
||
| 949 |
_a370.9 L3 1973 _bBC _cLIBRO _d33724000378527 _eLIBRO _fc.2 _h28634 _i33723 _si _t75.00 |
||
| 949 |
_a370.9 L3 1973 _bBC _cLIBRO _d33724000378535 _eLIBRO _fc.3 _h28635 _i33723 _si _t75.00 |
||
| 999 |
_c28640 _d28640 |
||